000 00610nam a22001937a 4500
999 _c182858
_d182858
005 20211208124137.0
010 _aUR-11358
020 _c350.00
_a9789390789825
035 _aU-9913
037 _bDBAD/PUB
082 _a841
100 _aر و شن ضمير
245 _aد ھڑ کنو ں کے شعلے
_cر و شن ضمير
246 _aDhadkanow Ke Sholay (Urdu)
_bRoshan Zameer
260 _aN.Delhi
_c2021 ء
_bEducational Publishing House
270 _aD1/16,Ansari Road,Darya Ganj,
_bNew Delhi
_e110002
_l -
300 _a404 ص
_c22 Cm(Hb)
942 _2ddc
_cUR
_h841
_mر و ش